000 00518nam a2200193Ia 4500
005 20250508154557.0
008 008 250505s9999 xx 000 0 eng d
037 _aTextual
040 _aFEDL
_beng
_cFEDL
041 _aeng
_2eng
084 _a301.15, GIN
_qFEDL
100 _aGinsberg Morris
245 0 _aPsychology of society
260 _aLondon, UK
_bUniversity Paperbacks
_c1964
300 _axxxiii,187p
650 _aSociology
942 _cTEXL
_h301.15, GIN
999 _c1350981
_d1350981